02033 a2200277 450000500170000000800410001704000670005804100080012524500730013324600410020624600320024726000600027930000460033949000530038550005040043850803090094251101530125154600490140458600870145365000610154065000330160170000330163471000270166771000280169476500330172220211217135430.0140310s19542009ck g 0 m eng d aCO-BoUCMbspacDeissy Garcia (modificó)dAldemar Mondragón aeng00a20.000 leguas de viaje submarinocRichard Fleischer, directorh[DVD]13aVeinte mil leguas de viaje submarino13a20000 Leagues Under the Sea aBogotá (Colombia)bCD Systems de Colombiac2009g1954 a1 DVD, 127 minutosbimagen, sonido, color0 aCine clásico: 100 películas inolvidablesv37 aSINOPSIS: Los marineros y pescadores del océano pacifico, están aterrados por la aparición de un monstruo marino, que ataca a todas las naves las destruye y desaparece a sus ocupantes. Los americanos pagan a un barco de guerra, con la última tecnología para destruiral monstruo, pero este los ataca y destruye el barco. Los ocupantes son rescatados por "la bestia" que no es otra cosa que un barco con la facultad de sumergirse y surcar los mares en las profundidades [Tomado de la fuente] aCRÉDITOS: Dirigida por Richard Fleischer ; guion por Earl Felton ; producida por Walt Disney ; música por Paul J. Smith ; fotografía por Franz Planer ; diseño de producción por Harper Goff ; dirección de arte por John Meehan ; ambientación por Emile Kuri ; efectos especiales por John Hench0 aREPARTO: Kirk Douglas, James Mason, Paul Lukas, Peter Lorre, Robert J. Wilke, Ted de Corsia, Carleton Young, J.M. Kerrigan, Percy Helton, Ted Cooper aAudio en inglés. Subtítulos en español aGanadora de un premio de la Academia, 1955 (mejor diseño de arte y decoración) 7aPelículas cinematográficas de ciencia-ficciónvDVD 7aPelículas de acciónvDVD1 aFleischer, Richardedirector2 aCD Systems de Colombia2 aWalt Disney Productions0 t20.000 leagues under the sea